Т. 52, № 2; Химия высоких энергий

Dades bibliogràfiques
Parent link:Химия высоких энергий: журнал/ Российская академия наук (РАН), Отделение химии и наук о материалах РАН. Т. 52, № 2.— , 1968-
Idioma:rus
Publicat: 2018
Accés en línia:https://elibrary.ru/contents.asp?id=34838767
Format: MixedMaterials Electrònic Llibre
KOHA link:https://koha.lib.tpu.ru/cgi-bin/koha/opac-detail.pl?biblionumber=577854

MARC

LEADER 00000nam2a2200000 4500
001 577854
005 20231101130426.0
035 |a (RuTPU)RU\TPU\prd\277267 
035 |a RU\TPU\prd\277266 
090 |a 577854 
100 |a 20180521a19679999k y0rusy50 ca 
101 0 |a rus 
102 |a RU 
181 0 |a i  
182 0 |a b 
200 0 |a Т. 52, № 2  |b Электронный ресурс 
203 |a Текст  |c электронный 
210 |d 2018 
461 1 |0 (RuTPU)RU\TPU\prd\422  |t Химия высоких энергий  |o журнал  |f Российская академия наук (РАН), Отделение химии и наук о материалах РАН  |v Т. 52, № 2  |d 1968- 
801 0 |a RU  |b 63413507  |c 20010227  |g PSBO 
801 1 |a RU  |b 63413507  |c 20160318 
801 2 |a RU  |b 63413507  |c 20230126  |g RCR 
856 4 0 |u https://elibrary.ru/contents.asp?id=34838767 
942 |c BK